|
|
|
|
| LEADER |
02099cas a2200277 a 4500 |
| 001 |
AALejournalIMF009204 |
| 008 |
230101c9999 xx r poo 0 0eng d |
| 020 |
|
|
|c 5.00 USD
|
| 020 |
|
|
|z 9781451865691
|
| 022 |
|
|
|a 1018-5941
|
| 040 |
|
|
|a BD-DhAAL
|c BD-DhAAL
|
| 100 |
1 |
|
|a Schneider, Todd.
|
| 245 |
1 |
0 |
|a Yemen :
|b Exchange Rate Policy in the Face of Dwindling Oil Exports /
|c Todd Schneider, Nabil Ben Ltaifa, Faisal Ahmed, Saade Chami.
|
| 264 |
|
1 |
|a Washington, D.C. :
|b International Monetary Fund,
|c 2007.
|
| 300 |
|
|
|a 1 online resource (22 pages)
|
| 490 |
1 |
|
|a IMF Working Papers
|
| 500 |
|
|
|a <strong>Off-Campus Access:</strong> No User ID or Password Required
|
| 500 |
|
|
|a <strong>On-Campus Access:</strong> No User ID or Password Required
|
| 506 |
|
|
|a Electronic access restricted to authorized BRAC University faculty, staff and students
|
| 520 |
3 |
|
|a This paper investigates the likely implications of declining oil production on Yemen's equilibrium exchange rate, and discusses policy options to ensure a smooth transition to a nonoil economy. The empirical results suggest that, as oil production and foreign exchange earnings fall, the Yemeni rial will have to adjust downward in real effective terms to keep pace with the equilibrium exchange rate. In light of strong pass-through from exchange rate depreciation to domestic inflation, this could entail a substantial depreciation in nominal terms. Given the nature of the adjustment, a floating exchange rate regime appears to be the best option, if supported by appropriate macroeconomic policies. However, given public fixation on a exchange rate stability, a softly managed float would be a better option for Yemen whereby the central bank may have to lead the market toward the equilibrium exchange rate.
|
| 538 |
|
|
|a Mode of access: Internet
|
| 700 |
1 |
|
|a Ahmed, Faisal.
|
| 700 |
1 |
|
|a Ben Ltaifa, Nabil.
|
| 700 |
1 |
|
|a Chami, Saade.
|
| 830 |
|
0 |
|a IMF Working Papers; Working Paper ;
|v No. 2007/005
|
| 856 |
4 |
0 |
|z Full text available on IMF
|u http://elibrary.imf.org/view/journals/001/2007/005/001.2007.issue-005-en.xml
|z IMF e-Library
|